000 00914nam a2200265 i 4500
001 bg
100 1 _aBOBROWSKI, Dobiesław
245 1 0 _aRównania różniczkowe cząstkowe w zastosowaniach /
_cDobiesław Bobrowski, Jarosław Mikołajski, Jarosław Morchało ; Politechnika Poznańska.
260 _aPoznań :
_bWydaw. PP,
_c1995.
300 _a484 s. :
_brys., wykr. ;
_c24 cm.
504 _aBibliogr. s. 479-480. - Indeks.
521 _aSkrypt dla studentów uczelni technicznych.
650 9 _aRównania różniczkowe
_xstosowanie
_xfizyka
650 9 _aRównania różniczkowe
_xstosowanie
_xtechnika
655 _aPodręczniki akademickie
700 1 _aMIKOŁAJSKI, Jarosław
700 1 _aMORCHAŁO, Jarosław
020 _a8371430647
040 _cBPK
041 0 _apl
080 _a62+53:517.95](075.8)
920 _a83-7143-064-7
942 _cKS
008 s pl f |000 0 pol
999 _c6893
_d6893
856 _uhttp://koha.tu.koszalin.pl/cgi-bin/koha/opac-detail.pl?biblionumber=6893
_yKatalog online BPK